Historia de la iglesia argentina (Registro nro. 5841)

Detalles MARC
000 -LEADER
fixed length control field 01459 a2200229 4500
001 - CONTROL NUMBER
control field 54954
005 - DATE AND TIME OF LATEST TRANSACTION
control field 20260407155825.0
008 - FIXED-LENGTH DATA ELEMENTS--GENERAL INFORMATION
fixed length control field 260407a2000 arg spa d
003 - CONTROL NUMBER IDENTIFIER
control field AR-UNSa-BCEJYS
040 ## - CATALOGING SOURCE
Original cataloging agency AR-UNSa-BCEJYS
Language of cataloging spa
Transcribing agency AR-UNSa-BCEJYS
080 ## - UNIVERSAL DECIMAL CLASSIFICATION NUMBER
Universal Decimal Classification number 27(82)
Common auxiliary subdivision Historia General de la Iglesia Cristiana Argentina
020 ## - INTERNATIONAL STANDARD BOOK NUMBER
International Standard Book Number 987-9397-17-7
041 ## - LANGUAGE CODE
Language code of text/sound track or separate title spa
100 1# - MAIN ENTRY--PERSONAL NAME
Personal name Di Stefano, Roberto
245 10 - TITLE STATEMENT
Title Historia de la iglesia argentina
264 #1 - PRODUCTION, PUBLICATION, DISTRIBUTION, MANUFACTURE, AND COPYRIGHT NOTICE
Place of production, publication, distribution, manufacture Buenos Aires :
Name of producer, publisher, distributor, manufacturer Grijalbo Mondadari
Date of production, publication, distribution, manufacture, or copyright notice 2000
300 ## - PHYSICAL DESCRIPTION
Extent 604 p.
Dimensions 20 cm.
505 ## - FORMATTED CONTENTS NOTE
Formatted contents note Primera parte: La cristiandad colonial (1530-1830) - I. El trasplante religioso - II. El cuadro institucional - III. El clero - IV. La compañía de Jesús y las reducciones del Paraguay - V. La cultura eclesiástica - VI. La vida devocional,las prácticas religiosas y la cura de almas a fines del período colonial - VII. La crisis de la Iglesia colonial - Segunda parte: El largo camino a la unidad (1830-1865) - I. Las Iglesias rioplatenses en la Argentina - II. Las Iglesias rioplatenses y el proceso de organización nacional - Tercera parte: La Iglesia argentina comtemporánea (1865-1983) - I. Los primeros pasos de la Iglesia argentina - II. Las ideas y la organización.La maduración de la Iglesia argentina - III. Entre Pío XII,Perón y el Concilio Vaticano II - IV. El infinito Concilio de la Iglesia
590 ## - LOCAL NOTE (RLIN)
Local note niveau_biblio:m niveau_hierar:0
700 1# - ADDED ENTRY--PERSONAL NAME
Personal name Zanatta, Loris
942 ## - ADDED ENTRY ELEMENTS (KOHA)
Koha item type
Existencias
Withdrawn status Lost status Damaged status Not for loan Home library Current library Shelving location Date acquired Total checkouts Full call number Barcode Date last seen Price effective from Koha item type
        Biblioteca Prof. Eusebio Cleto del Rey Biblioteca Prof. Eusebio Cleto del Rey   07/04/2026   27(82) D536 L86804 07/04/2026 07/04/2026 Libro